Detalles MARC
| 000 -LÍDER |
| Campo fijo de descripción fija |
02322nmmaa22003257i 4500 |
| 001 - NÚMERO DE CONTROL |
| Campo de control |
768714001 |
| 003 - IDENTIFICADOR DEL NÚMERO DE CONTROL |
| Campo de control |
CO-MdFUSB |
| 005 - FECHA Y HORA DE LA ULTIMA TRANSACCIÓN |
| control field |
20260218200558.0 |
| 007 - CAMPO FIJO DE DESCRIPCIÓN FIJA--INFORMACIÓN GENERAL |
| Campo fijo de descripción fija |
cr aa aaaaa |
| 008 - ELEMENTOS DE LONGITUD FIJA -- INFORMACIÓN GENERAL |
| Campo fijo de descripción fija -- Información general |
260218s2025 ck ||||| |||| 00| 0 spa dd |
| 040 ## - FUENTE DE CATALOGACIÓN |
| Agencia de catalogación original |
CO-MdFUSB |
| Idioma de catalogación |
Español |
| Agencia que realiza la transcripción |
CO-MdFUSB |
| Agencia que realiza la modificación |
CO-MdFUSB |
| 041 ## - CÓDIGO DE IDIOMA |
| Código de idioma para texto/pista de sonido o título separado |
spa |
| 043 ## - CÓDIGO DE ÁREA GEOGRÁFICA |
| Código de área geográfica |
ck |
| 100 ## - ASIENTO PRINCIPAL--NOMBRE PERSONAL |
| Nombre personal |
Londoño Peñate, Franklin Alberto, |
| Término relacionador |
autor |
| 245 ## - TÍTULO |
| Título del Material |
Theosis en Gregorio Nacianceno : |
| Parte restante del título - Subtitulo |
vocación divina del ser humano por medio de la encarnación de Cristo |
| Mención de responsabilidad, etc. |
/ Franklin Alberto Londoño Peñate ; asesorado por Jonatán C. Simons |
| 264 #1 - PRODUCTION, PUBLICATION, DISTRIBUTION, MANUFACTURE, AND COPYRIGHT NOTICE |
| Lugar de procducción, publication, distribution, manufacture |
Medellín, Colombia : |
| Nombre del productor, publicador, distribuidor y manofactura |
FUSBC, |
| Fecha de producción, distribución, manufactura, o nota de copyright |
2025 |
| 300 ## - DESCRIPCIÓN FÍSICA |
| Extensión |
58 páginas |
| 336 ## - TIPO DE CONTENIDO |
| Fuente |
rdacontent |
| Tipo de contenido |
texto |
| Content type code |
txt |
| 337 ## - TIPO DE MEDIO |
| Fuente |
rdamedia |
| Tipo de medio |
informático |
| Código |
c |
| 338 ## - TIPO DE SOPORTE |
| Fuente |
rdacarrier |
| rdacarrier |
remoto |
| Código |
cr |
| 502 ## - NOTA DE TESIS |
| Nota de Tesis |
Trabajo de grado |
| Tipo de estudio |
(Teología) -- |
| Nombre de la Institución del grado |
Fundación Universitaria Seminario Bíblico de Colombia, |
| Año de graduación |
2025 |
| 504 ## - NOTA DE BIBLIOGRAFÍA, ETC. |
| Nota de bibliografía, etc |
Bibliografía (página 57) |
| 505 ## - NOTA DE CONTENIDO |
| Nota de contenido con formato preestablecido |
Introducción. -- Contexto sobre Gregorio Nacianceno. -- Un puente entre lo antiguo y lo contemporáneo: la Theosis en el pensamiento de John A. Mcguckin, Vladimir Lossky Y Karl C. Felmy. -- El concepto de Theosis en Los cinco discursos teológicos de Gregorio Nacianceno. -- la Theosis en la Homilía 38 de Gregorio Nacianceno. -- Conclusión: la Theosis como coherencia teológica. |
| 506 ## - NOTA DE RESTRICCIONES DE ACCESO |
| Condiciones de acceso |
Acceso en línea |
| 520 ## - NOTA DE RESUMEN, ETC. |
| Nota de sumario, etc. |
Esta monografía expone la Theosis en Gregorio Nacianceno como hilo conductor que articula su cristología y antropología. El estudio se apoya en un marco conceptual tridimensional de McGuckin, Lossky y Felmy, definiendo la Theosis como la participación humana en la vida divina. El análisis de Los cinco discursos teológicos señala la divinización como una reciprocidad ontológica: Dios se hizo hombre para que el ser humano se hiciera Dios. La Homilía 38 confirma que la Theosis es el propósito de la encarnación, mostrando la coherencia del sistema teológico de Nacianceno. La obra concluye que la vocación divina del ser humano a la unión con Dios es posible gracias a la acción del Logos encarnado. |
| 653 ## - TERMINO DE INDIZACION - NO CONTROLADO |
| Término de indización no controlado |
Theosis -- Deificación. -- Encarnació. -- Hombre. -- Gregorio Nacianceno. -- Discursos. -- Homilías |
| 700 ## - ASIENTO SECUNDARIO - NOMBRE PERSONAL |
| Nombre personal |
Simons Camacho, Jonatán, |
| Responsabilidad |
asesor |
| 9 (RLIN) |
8040 |
| 942 ## - TIPO DE MATERIAL (KOHA) |
| Tipo de Item KOHA |
Trabajos de Grado |